000 00666nam a22002177a 4500
003 OSt
005 20251010152116.0
008 251010b |||||||| |||| 00| 0 eng d
020 _a031404340
040 _cMUST
082 _a658.4 HIT 1995
100 _aHitt Mitcheal A
_919457
245 _aStrategic Managent : Competitiveness and Globalization
260 _aNew York
_bWest Publishing Company
_cc1995
300 _axxiv,1103p. :
_bcol.pic and ill.
_c27cm
504 _aincludes name, company and subject indexes
630 _aStrategic planning
_919458
630 _aIndustrial management
_919459
700 _4Mitchael A. Hitt et..l
942 _2ddc
_cO_SHELF
999 _c9560
_d9560